[Event "Keeping up the momentum"]
[Site "SchemingMind.com"]
[Date "2013.10.17"]
[Round "-"]
[White "Arcenio Acacio"]
[Black "Simon Green"]
[Result "1-0"]
[WhiteCountry "VEN"]
[BlackCountry "ENG"]
[WhiteElo "1866"]
[WhiteRD "96"]
[BlackElo "1618"]
[BlackRD "61"]
[GameID "340270"]

1. e4 e6 2. d4 d5 3. Nc3 Nf6 4. e5 Nfd7 5. f4 c5 6. Nf3 c4 7. Be2 Nc6 8. O-O Be7 9. Qe1 O-O 10. Qg3 f5
11. exf6 Bxf6 12. Be3 Qb6 13. Ne5 Ndxe5 14. dxe5 d4 15. exf6 Rxf6 16. Bf2 Qxb2 17. Ne4 Rg6 18. Qf3 e5 19. Bxc4+ Be6 20. Bxe6+ Rxe6
21. Ng5 e4 22. Nxe4 Qxc2 23. Ng5 Rf6 24. Qd5+ Kf8 25. Ne6+ Ke7 26. Rfe1 Qf5 27. Nxg7+
1-0

[Event "Keeping up the momentum"]
[Site "SchemingMind.com"]
[Date "2013.10.17"]
[Round "-"]
[White "Simon Green"]
[Black "Arcenio Acacio"]
[Result "1-0"]
[WhiteCountry "ENG"]
[BlackCountry "VEN"]
[WhiteElo "1618"]
[WhiteRD "61"]
[BlackElo "1866"]
[BlackRD "96"]
[GameID "340276"]

1. d4 d5 2. e3 Nf6 3. Bd3 e6 4. f4 Be7 5. Nf3 O-O 6. O-O b6 7. Nbd2 c5 8. c3 Ba6 9. Ne5 Bxd3 10. Nxd3 Nc6
11. Ne5 Nxe5 12. fxe5 Nd7 13. e4 Qc7 14. exd5 exd5 15. Nf3 cxd4 16. cxd4 Rac8 17. Bf4 Qc2 18. Qxc2 Rxc2 19. Rf2 Rfc8 20. Rxc2 Rxc2
21. b3 h6 22. a3 Nf8 23. b4 Ne6 24. g3 Rc3 25. Kf2 Nxf4 26. gxf4 Rc2+ 27. Kg3 g5 28. h4 gxh4+ 29. Nxh4 Bxh4+ 30. Kxh4 Rd2
31. Rc1 Rxd4 32. Kg4 Rd3 33. Kf5 Kg7 34. Rg1+ Kf8 35. Kf6 Rxa3 36. Rg7 d4 37. Rxf7+ Kg8 38. e6 Rf3 39. f5 d3 40. Rd7
1-0

[Event "Keeping up the momentum"]
[Site "SchemingMind.com"]
[Date "2013.10.21"]
[Round "-"]
[White "Ulrich Klapp"]
[Black "Iucounu"]
[Result "1-0"]
[WhiteCountry "GER"]
[BlackCountry "ENG"]
[WhiteElo "1650"]
[WhiteRD "85"]
[BlackElo "1289"]
[BlackRD "49"]
[GameID "340367"]

1. e4 d5 2. d3 dxe4 3. Nd2 exd3 4. Bxd3 Nf6 5. Ngf3 Bg4 6. h3 Bh5 7. b3 e6 8. Bb2 Be7 9. Qe2 c6 10. O-O-O Nbd7
11. Rde1 Ne5 12. Qxe5 Bg6 13. Nc4
1-0

[Event "Keeping up the momentum"]
[Site "SchemingMind.com"]
[Date "2013.10.23"]
[Round "-"]
[White "nofischer"]
[Black "wight knight"]
[Result "1-0"]
[WhiteCountry "USA"]
[BlackCountry "ENG"]
[WhiteElo "1452"]
[WhiteRD "89"]
[BlackElo "1382"]
[BlackRD "55"]
[GameID "340368"]

1. e4 e5 2. f4 d6 3. Nf3 f6 4. Nc3 c6 5. Bc4 Bg4 6. O-O Bxf3 7. Qxf3 Na6 8. Bxa6 bxa6 9. fxe5 dxe5 10. d3 Bb4
11. Ne2 Bc5+ 12. Be3 Bxe3+ 13. Qxe3 Nh6 14. Qc5 Qd7 15. c3 Rb8 16. Rad1 Rxb2 17. Nc1 Rb5 18. Qc4 Ng4 19. Rf3 h5 20. Nb3 a5
21. h3 Nh6 22. d4 exd4 23. Rxd4 Qf7 24. Qxc6+ Kf8 25. Qxb5 g5 26. Rd8+ Kg7 27. Rd7 Qxd7 28. Qxd7+ Kg6 29. Qxa7 Rh7 30. Qa6 Rf7
31. e5 Ng8 32. Nd2 Ne7 33. Ne4 Nd5 34. Qxa5 Nf4 35. exf6 Ne6 36. Qf5+ Kh6 37. Qxe6 h4 38. Qxf7 g4 39. Qc4 gxf3 40. f7 Kg7
41. Nd6 Kf8 42. Qxh4 f2+ 43. Qxf2 Ke7 44. Qc5 Ke6 45. f8=N+ Kf6 46. Qf5+ Ke7 47. Nc8+ Ke8 48. Ng6 Kd8 49. Qf8+ Kc7 50. Qd6+ Kb7
51. Nge7 Ka8 52. Qa6+ Kb8 53. Qa7#
1-0

[Event "Keeping up the momentum"]
[Site "SchemingMind.com"]
[Date "2013.10.22"]
[Round "-"]
[White "Iucounu"]
[Black "Ulrich Klapp"]
[Result "0-1"]
[WhiteCountry "ENG"]
[BlackCountry "GER"]
[WhiteElo "1289"]
[WhiteRD "49"]
[BlackElo "1650"]
[BlackRD "85"]
[GameID "340371"]

1. e4 c5 2. d4 cxd4 3. c3 d5 4. exd5 e6 5. dxe6 Bxe6 6. Qxd4 Nc6 7. Qxd8+ Rxd8 8. Bb5 Ne7 9. Bg5 Rd5 10. Bxc6+ Nxc6
11. Be3 a6 12. Nd2 Be7
0-1

[Event "Keeping up the momentum"]
[Site "SchemingMind.com"]
[Date "2013.10.23"]
[Round "-"]
[White "wight knight"]
[Black "nofischer"]
[Result "0-1"]
[WhiteCountry "ENG"]
[BlackCountry "USA"]
[WhiteElo "1382"]
[WhiteRD "55"]
[BlackElo "1452"]
[BlackRD "89"]
[GameID "340372"]

1. e4 c5 2. Bc4 e5 3. Qf3 Nf6 4. d3 h6 5. g4 Nc6 6. c3 Na5 7. g5 hxg5 8. Bxg5 Nxc4 9. Bxf6 Qxf6 10. Qxf6 gxf6
11. dxc4 Rh4 12. Nd2 Bh6 13. O-O-O d6 14. Nf3 Rxe4 15. Rhg1 Kf8 16. Kc2 Rg4 17. Rxg4 Bxg4 18. h3 Bf5+ 19. Kc1 Be4 20. Nh4 Rd8
21. b4 Bg5 22. f3 Bd3 23. Ng2 d5 24. h4 Bh6 25. cxd5 Rxd5 26. bxc5 Rxc5 27. Kb2 Be2 28. Ne4 Rb5+ 29. Kc2 Bxd1+ 30. Kxd1 Rb1+
31. Kc2 Rg1 32. Nxf6 Rxg2+ 33. Kb3 Rg3 34. Nd7+ Ke7 35. Nxe5 Ke8 36. a4 Bg7 37. Nc4 Rxf3 38. Nd6+ Kd7 39. Nxb7 Rxc3+ 40. Kb4 f5
41. Nc5+ Kc6 42. Ne6 Bf6 43. a5 Rc1 44. h5 Rh1 45. Nf4 Rh4 46. a6 Rxf4+ 47. Kb3 Rd4 48. h6 f4 49. h7 Kc5 50. h8=Q Bxh8
51. Kc3 f3 52. Kc2 f2 53. Kc3 f1=Q 54. Kb3 Qc4+ 55. Ka3 Rd3#
0-1

[Event "Keeping up the momentum"]
[Site "SchemingMind.com"]
[Date "2013.10.23"]
[Round "-"]
[White "Wojciech  Langer"]
[Black "Phillip Beckett"]
[Result "1/2-1/2"]
[WhiteCountry "INT"]
[BlackCountry "ENG"]
[WhiteElo "1690"]
[WhiteRD "97"]
[BlackElo "1566"]
[BlackRD "50"]
[GameID "340443"]

1. Nf3 Nf6 2. c4 e6 3. g3 d5 4. Bg2 c6 5. O-O Be7 6. d4 O-O 7. Nc3 Nbd7 8. Qc2 dxc4 9. Bf4 Nd5 10. Ne5 Nxf4
11. Nxd7 Nxe2+ 12. Nxe2 Bxd7 13. Qxc4 Bf6 14. Qc2 Qe7 15. Rfe1 e5 16. dxe5 Qxe5 17. Nc3 Qf5 18. Qb3 Rab8 19. Be4 Qh5 20. Rad1 Bg4
21. Rc1 Qh3 22. Ne2 Be6 23. Qa3 a6 24. Nf4 Qg4 25. Bf3 Qf5 26. Nxe6 fxe6 27. Rcd1 Rbd8 28. Bg2 Rxd1 29. Rxd1 Rd8 30. Rxd8+ Bxd8
31. Qd6 Qf6 32. Qb8 Qe7 33. Qa7 Qd7 34. Bf1 Bf6=
1/2-1/2

[Event "Keeping up the momentum"]
[Site "SchemingMind.com"]
[Date "2013.10.25"]
[Round "-"]
[White "James Reed"]
[Black "neil666"]
[Result "1-0"]
[WhiteCountry "ENG"]
[BlackCountry "ENG"]
[WhiteElo "1451"]
[WhiteRD "66"]
[BlackElo "1166"]
[BlackRD "196"]
[GameID "340444"]

1. e4 e5 2. Nf3 f6 3. Bc4 Ne7 4. d4 Nec6 5. a3 exd4 6. Nxd4 Nxd4 7. Qxd4 Nc6 8. Qd1 h5 9. Nc3 Qe7 10. O-O g5
11. h3 a5 12. Re1 Qe5 13. Qd5 Ne7 14. Qxe5
1-0

[Event "Keeping up the momentum"]
[Site "SchemingMind.com"]
[Date "2013.10.23"]
[Round "-"]
[White "Phillip Beckett"]
[Black "Wojciech  Langer"]
[Result "1/2-1/2"]
[WhiteCountry "ENG"]
[BlackCountry "INT"]
[WhiteElo "1566"]
[WhiteRD "50"]
[BlackElo "1690"]
[BlackRD "97"]
[GameID "340446"]

1. c4 Nf6 2. Nc3 d5 3. cxd5 Nxd5 4. e4 Nxc3 5. bxc3 e5 6. d4 exd4 7. Qxd4 Qxd4 8. cxd4 Bb4+ 9. Bd2 Bxd2+ 10. Kxd2 f6
11. f3 O-O 12. Bc4+ Kh8 13. Ne2 Nc6 14. d5 Ne5 15. Bb3 c6 16. dxc6 Rd8+ 17. Ke3 Rd3+ 18. Kf2 bxc6 19. Rhd1 Bb7 20. Rxd3 Nxd3+
21. Ke3 Ne5 22. Nf4 Rd8 23. Ne6 Rd3+ 24. Ke2 Ba6 25. Kf2 Rd2+ 26. Kg3 h6 27. Rd1 Rxd1 28. Bxd1 Bc4 29. Bb3 Bxb3 30. axb3 Kg8
31. Nc5 Kf7 32. Kf4 Ke7 33. Nb7 Kd7 34. Na5 g6 35. Ke3 c5 36. Nb7 Kc6 37. Nd8+ Kb5 38. Ne6 a5 39. Kd2 c4 40. bxc4+ Kxc4
41. Kc2 a4 42. Kb2 Kd3 43. Nc7 f5 44. exf5 gxf5 45. Nb5 Ke3 46. Ka3 Kf2 47. Nd4 Kxg2= 48. Nxf5 Kxf3 49. Kxa4 Kg2=
1/2-1/2

[Event "Keeping up the momentum"]
[Site "SchemingMind.com"]
[Date "2013.10.25"]
[Round "-"]
[White "neil666"]
[Black "James Reed"]
[Result "0-1"]
[WhiteCountry "ENG"]
[BlackCountry "ENG"]
[WhiteElo "1166"]
[WhiteRD "196"]
[BlackElo "1451"]
[BlackRD "66"]
[GameID "340447"]

1. e4 c5 2. Qh5 Nf6 3. Qxc5 Nxe4 4. Qe3 d5 5. c4 Nf6 6. Nf3 Nc6 7. cxd5 Nxd5 8. Qe4 Nf6 9. Qa4 Bd7 10. Qb3 Na5
11. Qb4 b6 12. Nc3 e6 13. Qf4 h6 14. Ne5 Bd6
0-1

[Event "Keeping up the momentum"]
[Site "SchemingMind.com"]
[Date "2013.10.21"]
[Round "-"]
[White "Kyushu"]
[Black "kenneth m day"]
[Result "0-1"]
[WhiteCountry "USA"]
[BlackCountry "USA"]
[WhiteElo "1678"]
[WhiteRD "102"]
[BlackElo "1756"]
[BlackRD "49"]
[GameID "340495"]

1. e4 e5 2. f4 exf4 3. Nf3 d6 4. d4 g5 5. h3 Nc6 6. d5 Ne5 7. Nc3 Bg7 8. Bd2 Bd7 9. Qe2 Qe7 10. O-O-O h6
11. Nd4 a6 12. Qf2 Nf6 13. g3 Nh5 14. gxf4 Nxf4 15. Bxf4 gxf4 16. Qxf4 O-O-O 17. Be2 Bf6 18. Nf5 Bxf5 19. Qxf5+ Kb8 20. Kb1 Rhg8
21. Rhg1 Bg5 22. Qf2 Bh4 23. Qe3 Bg5 24. Qd4 Qd7 25. Qb4 Ka8 26. Rh1 Be3 27. h4 Bc5 28. Qb3 Rb8 29. a3 b5 30. a4 b4
31. Na2 Rg2 32. Bxa6 Rb6 33. Bb5 c6 34. dxc6 Nxc6 35. e5 Kb7 36. Nc1 Qe7 37. Nd3 dxe5 38. Rhf1 Nd4
0-1

[Event "Keeping up the momentum"]
[Site "SchemingMind.com"]
[Date "2013.10.21"]
[Round "-"]
[White "kenneth m day"]
[Black "Kyushu"]
[Result "1-0"]
[WhiteCountry "USA"]
[BlackCountry "USA"]
[WhiteElo "1756"]
[WhiteRD "49"]
[BlackElo "1678"]
[BlackRD "102"]
[GameID "340497"]

1. e4 e5 2. Nf3 Nc6 3. d4 exd4 4. c3 dxc3 5. Nxc3 d6 6. Bc4 Nf6 7. O-O Be7 8. Re1 O-O 9. Bf4 Bg4 10. Be2 Qd7
11. Rc1 Rac8 12. Ng5 h6 13. Nf3 Rfe8 14. a3 Nh5 15. Be3 Bf6 16. Rc2 Bxc3 17. Rxc3 Nf6 18. Qd3 Nxe4 19. Rc4 Nc5 20. Qd2 Bxf3
21. Bxf3 Ne5 22. Rf4 Ncd3 23. Be4 Nxf4 24. Bxf4 Nc4 25. Qc3 b5 26. f3 Ne5 27. Be3 c6 28. Bd4 f5 29. Bb1 a6 30. f4 Nc4
31. Rf1 Rf8 32. Rf3 g6 33. Rg3 Kh7 34. h4 h5 35. Bc2 Rce8 36. Bd3 d5 37. Rg5 Ne3 38. Be5 Ng4 39. Be2 Nxe5 40. fxe5
1-0

[Event "Keeping up the momentum"]
[Site "SchemingMind.com"]
[Date "2013.10.28"]
[Round "-"]
[White "Massey Ferguson"]
[Black "Clive Everill"]
[Result "0-1"]
[WhiteCountry "ENG"]
[BlackCountry "CZE"]
[WhiteElo "1916"]
[WhiteRD "90"]
[BlackElo "1702"]
[BlackRD "52"]
[GameID "340582"]

1. Nf3 d5 2. c4 d4 3. b4 f6 4. e3 e5 5. exd4 e4 6. Qe2 Qe7 7. Ng1 Nc6 8. Qd1 Nxd4 9. Be2 Bd7 10. Nc3 Qxb4
11. Nxe4 Ba4 12. Bh5+ g6 13. Qg4 Nc2+ 14. Kf1 Nxa1 15. Qe6+ Qe7 16. Qxe7+ Bxe7 17. Be2 Nc2 18. Bb2 O-O-O 19. Nf3 Nb4 20. Neg5 Nh6
21. Ne4 Rhf8 22. a3 Nc6 23. d4 Nf5 24. d5 Na5 25. g4 Nd6 26. Nc5 Bd7 27. Nd4 Naxc4 28. Bc1 f5 29. Nce6 Bxe6 30. Nxe6 Ne4
31. Nxf8 Nxa3 32. Ne6 Rxd5 33. Nf4 Ra5 34. Kg2 Nc2 35. Rd1 Nc3 36. Bd2 Nxd1 37. Bxa5 Nb2 38. gxf5 gxf5 39. Nd5 Bd6 40. Nf6 h6
41. Ng8 Bf8 42. Bd2 Nd4 43. Bh5 Nd3 44. Nxh6 f4 45. Nf7 c5 46. Bg6 f3+ 47. Kf1 c4 48. Bxd3 cxd3 49. Ne5 Bd6 50. Nxd3 Bxh2
51. Be3 Nc6 52. Ne1 b5 53. Nxf3 Bd6 54. Ne1 a5 55. Nd3 b4 56. Ke1 a4 57. Kd1 b3 58. Kc1 Kb7 59. Kb2 Na5 60. Bd4 a3+
61. Kb1 Nc4 62. Ka1 Kc6 63. Bc3 Kd5 64. f3 Ne3 65. Nc1 Nc2+ 66. Kb1 Kc4 67. Bg7 Bf4 68. Na2 Nb4 69. Nc3 Bd2 70. Nd1 Nc2
71. Ba1 a2+ 72. Kb2 Nxa1 73. Kxa1 Bc3+ 74. Nb2+ Kd4 75. f4 Ke3
0-1

[Event "Keeping up the momentum"]
[Site "SchemingMind.com"]
[Date "2013.10.25"]
[Round "-"]
[White "Clive Everill"]
[Black "Massey Ferguson"]
[Result "0-1"]
[WhiteCountry "CZE"]
[BlackCountry "ENG"]
[WhiteElo "1740"]
[WhiteRD "54"]
[BlackElo "1975"]
[BlackRD "99"]
[GameID "340592"]

1. e4 c6 2. d4 d5 3. Nd2 g6 4. c3 Bg7 5. Bd3 e5 6. Ne2 Bg4 7. O-O Ne7 8. f3 Be6 9. Nb3 Nd7 10. f4 dxe4
11. Bxe4 exf4 12. Bxf4 Nd5 13. Bg3 Ne3 14. Qd3 Nxf1 15. Rxf1 Bxb3 16. axb3 O-O 17. Rd1 Nf6 18. Bf3 Re8 19. Bh4 Qb6 20. c4 Re7
21. Re1 Rae8 22. Kf1 Re3 23. Qc2 Qxb3 24. Qc1 Rxf3+ 25. gxf3 Qxf3+ 26. Kg1 Rxe2 27. Rxe2 Qxe2 28. d5 Ng4 29. Bg3 Bd4+ 30. Kh1 Nf2+
31. Bxf2 Qf3+
0-1

[Event "Keeping up the momentum"]
[Site "SchemingMind.com"]
[Date "2013.11.25"]
[Round "-"]
[White "alexyongpohweng"]
[Black "Simon Green"]
[Result "0-1"]
[WhiteCountry "MAS"]
[BlackCountry "ENG"]
[WhiteElo "1324"]
[WhiteRD "46"]
[BlackElo "1625"]
[BlackRD "57"]
[GameID "342510"]

1. e4 e6 2. d4 d5 3. exd5 exd5 4. h3 Nf6 5. Nf3 Be7 6. g3 O-O 7. Bg2 Be6 8. O-O Nbd7 9. Nc3 c6 10. Bg5 h6
11. Bxf6 Nxf6 12. Ne5 Nd7 13. Nxd7 Qxd7 14. Qf3 Rae8 15. a3 Bxh3 16. Bxh3 Qxh3 17. Qg2 Qg4 18. f3 Qxd4+ 19. Kh1 Bc5 20. Rad1 Qe5
21. Qh2 Bxa3 22. bxa3 Qxc3 23. Ra1 Re3 24. Qf2 Rfe8 25. Kg1 Re2 26. Qxe2 Rxe2
0-1

[Event "Keeping up the momentum"]
[Site "SchemingMind.com"]
[Date "2013.11.25"]
[Round "-"]
[White "Simon Green"]
[Black "alexyongpohweng"]
[Result "1-0"]
[WhiteCountry "ENG"]
[BlackCountry "MAS"]
[WhiteElo "1591"]
[WhiteRD "55"]
[BlackElo "1287"]
[BlackRD "45"]
[GameID "342515"]

1. d4 d5 2. e3 Nf6 3. Bd3 g6 4. f4 Bg7 5. Nf3 O-O 6. O-O Nc6 7. c3 b6 8. Nbd2 Bb7 9. Qe1 a6 10. Ne5 Nxe5
11. fxe5 Nd7 12. e4 f6 13. exf6 exf6 14. exd5 Bxd5 15. b3 c5 16. dxc5 bxc5 17. c4 Bf7 18. Be4 Rb8 19. Nf3 f5 20. Bg5 Nf6
21. Bxf6 Bxf6 22. Rd1 Qc8 23. Bc2 Bg7 24. Ng5 Re8 25. Qh4 h6 26. Nxf7 Kxf7 27. Rd5 Qe6 28. Rfd1 Qe3+ 29. Qf2 Qe6 30. Qxc5 Bf8
31. Qc7+ Be7 32. Rd6 Qe3+ 33. Kf1 Qf4+ 34. Kg1 Kf8 35. Rf6+ Bxf6 36. Qc5+ Kg8 37. g3 Qe3+ 38. Qxe3 Rxe3 39. Rd6 Be7 40. Rxg6+ Kf7
41. Rxa6 Re1+ 42. Kf2 Rc1 43. Bxf5 Rd1 44. Rxh6 Rd2+ 45. Kf3 Rxa2 46. Ke4 Re2+ 47. Kf4 Kg7 48. Rh7+ Kg8 49. Rh6 Rf2+ 50. Kg4 Rf8
51. Be6+ Kg7 52. Rh5 Kg6 53. Bd5 Kg7 54. Be6 Kg6 55. c5 Bd8 56. c6 Bc7 57. Bd7 R8f6 58. Rb5 Kh6 59. Rb7 Rg6+ 60. Kh3 Rg5
61. Rxc7 Rb2 62. Rb7 Rh5+ 63. Kg4 Rg5+ 64. Kh3 Rh5+ 65. Kg4 Rd2 66. c7 Rd4+ 67. Kf3 Rxd7 68. c8=Q Rf5+ 69. Ke4
1-0

[Event "Keeping up the momentum"]
[Site "SchemingMind.com"]
[Date "2014.01.12"]
[Round "-"]
[White "Phillip Beckett"]
[Black "Ulrich Klapp"]
[Result "1/2-1/2"]
[WhiteCountry "ENG"]
[BlackCountry "GER"]
[WhiteElo "1517"]
[WhiteRD "50"]
[BlackElo "1649"]
[BlackRD "84"]
[GameID "345351"]

1. d4 Nf6 2. e3 g6 3. Bd3 Bg7 4. Nd2 d5 5. Ngf3 O-O 6. O-O Re8 7. c3 Nbd7 8. Re1 c5 9. Bc2 b6 10. e4 e5
11. dxe5 Nxe5 12. Nxe5 Rxe5 13. exd5 Qxd5 14. Rxe5 Qxe5 15. Nf3 Qe6 16. Bg5 Ne4 17. Bxe4 Qxe4 18. Qd8+ Bf8 19. Bh6 Be6 20. Qd2 Be7
21. Re1 Qc4 22. Qe3 Qxa2 23. Qe5 f6 24. Qxe6+ Qxe6 25. Rxe6 Kf7 26. Rc6 Rd8 27. g3 Rd1+ 28. Kg2 Ke8 29. Rc8+ Kf7 30. Rc7 Rb1
31. b4 cxb4 32. cxb4 Rxb4 33. Bd2 Re4 34. Bc3 h5 35. Bb2 a5 36. Bc1 a4 37. Be3 b5 38. Bc5 Kf8 39. Bxe7+ Rxe7 40. Rxe7 Kxe7
41. Nd4 b4 42. Nc2 b3 43. Na3 Ke6 44. Kf3 f5 45. Ke3 Kd5 46. Kd3 g5 47. f3 h4 48. Kc3 hxg3 49. hxg3 f4 50. gxf4 gxf4
51. Kd3 Kc5 52. Kc3=
1/2-1/2

[Event "Keeping up the momentum"]
[Site "SchemingMind.com"]
[Date "2014.01.12"]
[Round "-"]
[White "Ulrich Klapp"]
[Black "Phillip Beckett"]
[Result "1-0"]
[WhiteCountry "GER"]
[BlackCountry "ENG"]
[WhiteElo "1671"]
[WhiteRD "84"]
[BlackElo "1543"]
[BlackRD "52"]
[GameID "345352"]

1. e4 e5 2. d4 exd4 3. Qxd4 Nc6 4. Qe3 d6 5. Ne2 Nf6 6. Nbc3 Be7 7. Nd4 O-O 8. Be2 h6 9. Nxc6 bxc6 10. e5 dxe5
11. Qxe5 Be6 12. Be3 Bd6 13. Qa5 Nd5 14. Rd1 Qf6 15. O-O Nb6 16. Bd4 Qg6 17. Rfe1 Bh3 18. g3 Rfe8 19. Bd3 Bf5 20. Rxe8+ Rxe8
21. Bxf5 Nc4 22. Qa4 Qxf5 23. Qxc4 Qe6 24. Qa6 c5 25. Be3 Be5 26. Qxa7 Bxc3 27. bxc3 c4 28. Qxc7 Rc8 29. Qb7 Kh7 30. Rd7 Qf5
31. Qxc8
1-0

[Event "Keeping up the momentum"]
[Site "SchemingMind.com"]
[Date "2014.01.27"]
[Round "-"]
[White "James Reed"]
[Black "Clive Everill"]
[Result "0-1"]
[WhiteCountry "ENG"]
[BlackCountry "CZE"]
[WhiteElo "1370"]
[WhiteRD "65"]
[BlackElo "1723"]
[BlackRD "54"]
[GameID "346459"]

1. e4 e6 2. d4 d5 3. Nc3 Bb4 4. Bd2 Ne7 5. e5 b6 6. a3 Bxc3 7. Bxc3 Ba6 8. Bxa6 Nxa6 9. Nf3 O-O 10. O-O c5
11. Re1 Nf5 12. h3 cxd4 13. Nxd4 Nh4 14. Nf3 Ng6 15. Qe2 Nc5 16. Bd2 Ne4 17. Bb4 Re8 18. Nd2 Nxd2 19. Qxd2 a5 20. Bc3 Ne7
21. Bd4 Nc6 22. c3 Qh4 23. Bxb6 Rab8 24. Bc7 Rb7 25. Bd6 Na7 26. a4 Nc8 27. Bc5 Ne7 28. Bxe7 Qxe7 29. Qc2 Reb8 30. Rab1 Qc5
31. Re2 Qc4 32. b3 Qf4 33. Qd2 Qh4 34. Qd4 Qd8 35. Reb2 Rc7 36. b4 Rc4 37. Qe3 axb4 38. cxb4 Qh4 39. Qd2 Qe4 40. f3 Qxe5
41. Re1 Qd6 42. Reb1 Qg3 43. Qf2 Qf4 44. Qe1 e5 45. a5 e4 46. Qd1 d4 47. b5 d3 48. Qd2 Qe5 49. Qe3 f5 50. b6 Qxa5
51. Qg5 exf3 52. gxf3 h6 53. Qe3 Qd5 54. b7 Rc7 55. Kg2 Rc2+ 56. Kg3 Rxb2 57. Rxb2 g5 58. Qb6 f4+ 59. Kf2 d2 60. Qg6+ Kf8
61. Qxh6+ Kf7 62. Qh7+ Kf6 63. Qc2 d1=N+ 64. Kg1 Nxb2 65. Qxb2+ Qe5 66. Qb6+ Kg7 67. Qb1 Qe3+ 68. Kg2 Qe2+ 69. Kg1 Qxf3 70. Qb2+ Kg6
71. Qb1+ Kf6 72. Qb6+ Kf5 73. Qb1+ Qe4 74. Qb5+ Qe5 75. Qb1+ Ke6 76. Qb6+ Kd7 77. Qb1 Qe3+ 78. Kh2 Qg3+ 79. Kh1 Qxh3+ 80. Kg1 f3
81. Qd1+ Kc7
0-1

[Event "Keeping up the momentum"]
[Site "SchemingMind.com"]
[Date "2014.01.28"]
[Round "-"]
[White "Clive Everill"]
[Black "James Reed"]
[Result "1-0"]
[WhiteCountry "CZE"]
[BlackCountry "ENG"]
[WhiteElo "1674"]
[WhiteRD "54"]
[BlackElo "1420"]
[BlackRD "66"]
[GameID "346460"]

1. e4 c5 2. Nf3 d6 3. d4 cxd4 4. Nxd4 Nf6 5. f3 e5 6. Nb3 Be6 7. c4 h6 8. Bd3 Nc6 9. Nc3 a6 10. O-O Be7
11. f4 O-O 12. f5 Bd7 13. Rf3 Nd4 14. Nxd4 Bc6 15. Rh3 Qd7 16. Nxc6 Qxc6 17. Nd5 Nxd5 18. cxd5 Qc7 19. Bxh6 Bf6 20. Qh5 Qc5+
21. Be3 Qc8 22. Qh7#
1-0

[Event "Keeping up the momentum"]
[Site "SchemingMind.com"]
[Date "2014.02.23"]
[Round "-"]
[White "nofischer"]
[Black "kenneth m day"]
[Result "0-1"]
[WhiteCountry "USA"]
[BlackCountry "USA"]
[WhiteElo "1405"]
[WhiteRD "89"]
[BlackElo "1741"]
[BlackRD "52"]
[GameID "348481"]

1. e4 e5 2. f4 exf4 3. Nf3 d6 4. d4 g5 5. h3 g4 6. hxg4 Bxg4 7. c4 Nf6 8. Nc3 Nc6 9. Qd3 Qd7 10. Bxf4 O-O-O
11. a3 Bg7 12. Be2 Rde8 13. O-O-O h5 14. d5 Ne5 15. Qd4 Kb8 16. Nb5 b6 17. Qd2 Nxe4 18. Qe3 Nc5 19. Nfd4 a6 20. a4 Nxa4
21. Nc3 Nc5 22. Bxe5 Rxe5 23. Qg3 Bh6+ 24. Kb1 Re3 25. Qf2 Rhe8 26. Bxg4 Qxg4 27. Rde1 Qxd4 28. Rxe3 Bxe3 29. Qxf7 Qe5 30. Re1 Nd3
31. Rf1 Re7 32. Qg8+ Kb7 33. Rf8 b5 34. Rb8+ Ka7 35. Ra8+ Kb6 36. Qb8+ Kc5 37. Rxa6 Nc1 38. Qxb5+ Kd4 39. Ra4 Qf5+ 40. Ka1 Qc2
41. c5+ Ke5 42. Re4+ Kf6 43. Qf1+ Bf2 44. Rf4+ Kg5 45. Rxf2 Nb3+ 46. Ka2 Nc1+ 47. Ka1 Nb3+ 48. Ka2 Nc1+ 49. Ka1 Nb3+ 50. Ka2 Nc1+
0-1

[Event "Keeping up the momentum"]
[Site "SchemingMind.com"]
[Date "2014.02.23"]
[Round "-"]
[White "kenneth m day"]
[Black "nofischer"]
[Result "1-0"]
[WhiteCountry "USA"]
[BlackCountry "USA"]
[WhiteElo "1757"]
[WhiteRD "49"]
[BlackElo "1421"]
[BlackRD "86"]
[GameID "348482"]

1. e4 c5 2. d4 e6 3. Nf3 d5 4. e5 a6 5. c3 h6 6. Bd3 Nd7 7. Bf4 b5 8. dxc5 Bxc5 9. O-O Bb7 10. Nbd2 Ne7
11. Nb3 Qc7 12. Nxc5 Qxc5 13. Nd4 b4 14. Qg4 g5 15. Bg3 O-O-O 16. Rac1 Qa5 17. cxb4+ Qc7 18. Rxc7+ Kxc7 19. Rc1+ Kb6 20. Qd1 Rc8
21. f4 Ka7 22. a4 f6 23. Nxe6 Rc6 24. Nd4 Rxc1 25. Qxc1 Rc8 26. Qe3 Ka8 27. exf6 Nc6 28. fxg5 Nxb4 29. Bf5 Rc7 30. Bxc7
1-0

[Event "Keeping up the momentum"]
[Site "SchemingMind.com"]
[Date "2014.05.01"]
[Round "-"]
[White "Clive Everill"]
[Black "Simon Green"]
[Result "1-0"]
[WhiteCountry "CZE"]
[BlackCountry "ENG"]
[WhiteElo "1723"]
[WhiteRD "54"]
[BlackElo "1624"]
[BlackRD "56"]
[GameID "357757"]

1. d4 e6 2. c4 d5 3. Nf3 Nf6 4. g3 c6 5. Bg2 Be7 6. Qc2 h6 7. O-O Nbd7 8. Nbd2 b6 9. e4 Bb7 10. e5 Nh7
11. Ne1 Qc7 12. f4 O-O-O 13. a3 f5 14. b4 a6 15. Nb3 dxc4 16. Qxc4 Nhf8 17. Be3 b5 18. Qc3 Nb6 19. Nd3 Nd5 20. Bxd5 cxd5
21. Qxc7+ Kxc7 22. Rfc1+ Kb6 23. Ndc5 Nd7 24. Nxe6 Rdg8 25. Rc7 Bc8 26. Nbc5 Bd8 27. Rxc8 Nxc5 28. Rxc5 g5 29. Rac1 Rh7 30. Rxd5 Rhh8
31. Rd6+ Kb7 32. Nc5+ Ka7 33. Rxa6+ Kb8 34. d5 Rg7 35. Ne6 Rb7 36. d6 Rhh7 37. Nxd8 Rbc7 38. dxc7+ Rxc7 39. Rxc7 Kxc7 40. Bb6+
1-0

[Event "Keeping up the momentum"]
[Site "SchemingMind.com"]
[Date "2014.05.01"]
[Round "-"]
[White "Simon Green"]
[Black "Clive Everill"]
[Result "0-1"]
[WhiteCountry "ENG"]
[BlackCountry "CZE"]
[WhiteElo "1624"]
[WhiteRD "56"]
[BlackElo "1723"]
[BlackRD "54"]
[GameID "357758"]

1. d4 Nf6 2. e3 e6 3. Bd3 b6 4. f4 Bb7 5. Nf3 Ne4 6. Nbd2 f5 7. Nxe4 fxe4 8. Be2 exf3 9. Bxf3 c6 10. O-O Be7
11. c4 O-O 12. Bd2 d5 13. b3 Nd7 14. Qe2 Rf6 15. b4 a6 16. c5 Qc7 17. a4 Raf8 18. Bg4 Rh6 19. g3 Bc8 20. e4 Nf6
21. f5 Nxg4 22. Qxg4 exf5 23. exf5 Rhf6 24. Qe2 Rxf5 25. Bf4 Qd8 26. Rae1 R8f7 27. cxb6 Qxb6 28. Bd6 Qxd4+ 29. Kg2 Rxf1 30. Rxf1 Rxf1
31. Kxf1 Qf6+ 32. Kg2 Kf8 33. Bc5 Bxc5 34. bxc5 Qe6 35. Qf3+ Ke7 36. a5 Qe4 37. Qxe4+ dxe4 38. Kf2 Ke6
0-1

[Event "Keeping up the momentum"]
[Site "SchemingMind.com"]
[Date "2014.07.06"]
[Round "-"]
[White "Ulrich Klapp"]
[Black "kenneth m day"]
[Result "1-0"]
[WhiteCountry "GER"]
[BlackCountry "USA"]
[WhiteElo "1628"]
[WhiteRD "97"]
[BlackElo "1708"]
[BlackRD "50"]
[GameID "361100"]

1. d4 Nf6 2. Bg5 e6 3. e3 c5 4. Be2 Nc6 5. Nc3 cxd4 6. exd4 Be7 7. Nf3 O-O 8. Qd2 b6 9. O-O Bb7 10. d5 exd5
11. Nxd5 Re8 12. Nxe7+ Qxe7 13. Bc4 Rad8 14. Rfe1 Qc5 15. Bxf6 gxf6 16. b3 Ne5 17. Nxe5 fxe5 18. Qg5+ Kh8 19. Qf6+ Kg8 20. Bxf7+ Kf8
21. Be6#
1-0

[Event "Keeping up the momentum"]
[Site "SchemingMind.com"]
[Date "2014.07.06"]
[Round "-"]
[White "kenneth m day"]
[Black "Ulrich Klapp"]
[Result "0-1"]
[WhiteCountry "USA"]
[BlackCountry "GER"]
[WhiteElo "1657"]
[WhiteRD "51"]
[BlackElo "1650"]
[BlackRD "101"]
[GameID "361101"]

1. e4 d5 2. exd5 Nf6 3. d4 Nxd5 4. c4 Nb6 5. Nc3 c5 6. d5 Bf5 7. Nf3 g6 8. Be3 N8d7 9. Bg5 Qc7 10. Qd2 Ne5
11. O-O-O Nxf3 12. gxf3 Bg7 13. b3 O-O-O 14. Nb5 Qe5 15. Nxa7+ Kb8 16. Bf4 Qxf4 17. Qxf4+ Kxa7 18. h4 h5 19. Bd3 Bxd3 20. Qxf7 Bh6+
21. Kb2 Nd7 22. Qxe7 Rhe8 23. Qxd8 Rxd8 24. Rxd3 Ne5 25. Rc3 Rf8 26. Rd1 Nxf3 27. Rcd3 Bg7+ 28. Ka3 Ne5 29. R3d2 Ka6 30. d6 b6
31. d7 Rd8 32. f4 Nc6 33. Rd6 Nd4 34. b4 Nc2+ 35. Kb3 Nd4+ 36. Ka3 Bf8 37. Rxg6 Rxd7 38. Rd2 cxb4+ 39. Kb2 Rg7 40. Rf6 Be7
41. Rh6 Nf3 42. Rd3 Nxh4 43. Rxh5 Bf6+ 44. Kb3 Ng6 45. Rf5 Bh4 46. Rd6 Ne7 47. Rf8 Rg6 48. Rd7 b5 49. Ra8+ Kb6 50. Raa7 Rg3+
51. Kxb4 Nc6#
0-1